Statistics for Countries in Eurovision 2015

Click here to take the quiz!

General Stats

  • This quiz has been taken 950 times
  • The average score is 32 of 40

Answer Stats

Countries in Eurovison 2015% Correct
United Kingdom
94%
Sweden
93%
Austria
92%
Italy
90%
Germany
89%
Albania
89%
Spain
88%
Russia
88%
France
88%
Finland
87%
Norway
87%
Belgium
85%
Australia
85%
Belarus
85%
Armenia
84%
Estonia
83%
Latvia
83%
Iceland
83%
Ireland
83%
Azerbaijan
82%
Denmark
81%
Lithuania
79%
Poland
78%
Serbia
78%
Portugal
78%
Greece
77%
Cyprus
76%
Netherlands
74%
Hungary
73%
Romania
71%
Moldova
70%
Montenegro
70%
Malta
70%
Slovenia
69%
Georgia
68%
Czech Republic
66%
Switzerland
66%
Israel
66%
Macedonia
64%
San Marino
61%

Score Distribution

Percentile by Number Answered

Percent of People with Each Score

Your Score History

You have not taken this quiz